Ritual Politics as a Cultural Intervention to Political Movements (Record no. 530582)
[ view plain ]
| 000 -LEADER | |
|---|---|
| fixed length control field | 01399nam a22001457a 4500 |
| 008 - FIXED-LENGTH DATA ELEMENTS--GENERAL INFORMATION | |
| fixed length control field | 250624b ||||| |||| 00| 0 eng d |
| 100 ## - MAIN ENTRY--PERSONAL NAME | |
| Personal name | Singh, Rajkumar Jackson |
| 245 ## - TITLE STATEMENT | |
| Title | Ritual Politics as a Cultural Intervention to Political Movements |
| 260 ## - PUBLICATION, DISTRIBUTION, ETC. (IMPRINT) | |
| Place of publication, distribution, etc | Economic & Political Weekly |
| 300 ## - PHYSICAL DESCRIPTION | |
| Extent | 60(23), Jun 07, 2025: p.62-70 |
| 520 ## - SUMMARY, ETC. | |
| Summary, etc | Ritual has been extensively theorised across social science disciplines, with sacredness often seen as its defining feature. This perspective has reinforced the notion of ritual as static and conservative, making it easy for authoritative institutions to manipulate. However, a different view recognises the potential of ritual for change and transformation, particularly in political contexts and protest movements. The concept of ritual politics articulates this creativity, making visible the unseen cultural symbols and religious spirits that still deeply occupy the minds of the people and their politics. Movements or protests, or any minor acts of resistance, have always taken recourse and inspiration from everyday life experiences within the cultural realm. -Reproduced https://www.epw.in/journal/2025/23/special-articles/ritual-politics-cultural-intervention-political.html |
| 650 ## - SUBJECT ADDED ENTRY--TOPICAL TERM | |
| Topical term or geographic name as entry element | Ritual, cultural symbols and religious spirits, Movements or Protests, Politics |
| 9 (RLIN) | 54722 |
| 942 ## - ADDED ENTRY ELEMENTS (KOHA) | |
| Item type | Articles |
| Withdrawn status | Lost status | Source of classification or shelving scheme | Damaged status | Not for loan | Permanent location | Current location | Date acquired | Barcode | Date last seen | Koha item type |
|---|---|---|---|---|---|---|---|---|---|---|
| Indian Institute of Public Administration | Indian Institute of Public Administration | 2025-06-24 | AR136373 | 2025-06-24 | Articles |
